| 000 | 00521naa a22001451i 4500 | ||
|---|---|---|---|
| 001 | 10287 | ||
| 003 | KOSZ 005 | ||
| 005 | 20180504121313.0 | ||
| 008 | 160308s2005 pl ||||| ||||0|| 0 pol d | ||
| 040 |
_cKOSZ 005/ac _aKOSZ 005/ac |
||
| 100 | 1 |
_aKORCZAK, Jerzy. _bPolitechnika Koszalińska - Instytut Ekonomii i Zarządzania, _cZakład Zarządzania _d2000 - . |
|
| 245 | 1 | 0 |
_aKsięga HACCP CSSP / _cJerzy Korczak, Izabela Stańczyk. |
| 773 | 0 |
_iW: _tPrzegląd Sił Powietrznych. - _g2005, nr 12, s. 78-81 |
|
| 942 |
_cART _2UKD |
||
| 999 |
_c10287 _d10287 |
||